[Event "Let's Play 104"]
[Site "http://www.queenalice.com/game.php?id=1493777"]
[Date "2017.9.11"]
[Round "-"]
[White "digger"]
[Black "Dictator"]
[Result "0-1"]
[WhiteElo "1637"]
[BlackElo "1519"]

1. c4 e5 2. e4 c5 3. Qa4 Nc6 4. Nf3 d6 5. Nc3 Qa5 6. Qxa5 Nxa5 7. Nd5 Kd7 8. b3
b6 9. Be2 Nc6 10. O-O Be7 11. Bb2 Nf6 12. Nxe7 Kxe7 13. Rad1 Bg4 14. h3 Bxf3 15.
Bxf3 Rhe8 16. d3 Kf8 17. a3 Na5 18. b4 Nb7 19. b5 a6 20. a4 Na5 21. Rb1 Nb3 22.
Bc3 Nd4 23. Bd1 axb5 24. cxb5 Ne6 25. f3 h6 26. Ra1 Rec8 27. g3 Nd4 28. h4 Nh5
29. Bxd4 cxd4 30. Kg2 Rc3 31. Be2 Rc2 32. Rfe1 Rac8 33. Kh3 Rd2 34. Kg4 g6 35.
Bf1 Rh2 36. a5 Nf6# 0-1

[Event "AUTO-INT-3294"]
[Site "http://www.queenalice.com/game.php?id=1502395"]
[Date "2017.11.6"]
[Round "1"]
[White "vangogh"]
[Black "Dictator"]
[Result "0-1"]
[WhiteElo "1589"]
[BlackElo "1548"]

1. e4 d5 2. e5 Bf5 3. d4 Nc6 4. a3 g6 5. Nc3 h5 6. Nf3 Bh6 7. Bb5 Bd7 8. O-O
Bxc1 9. Rxc1 Nh6 10. Nxd5 O-O 11. Qd2 Nf5 12. h3 a6 13. Bxc6 Bxc6 14. Ne3 Bxf3
15. gxf3 Nxd4 16. Kg2 e6 17. Qb4 Qh4 18. Qxb7 Ne2 19. Rcd1 Nf4+ 20. Kg1 Nxh3+
21. Kg2 Nf4+ 22. Kg1 Ne2+ 23. Kg2 Qg5+ 24. Kh3 Nf4+ 25. Kh2 Qxe5 26. Nc4 Qf5 0-1

[Event "AUTO-INT-3294"]
[Site "http://www.queenalice.com/game.php?id=1502396"]
[Date "2017.11.6"]
[Round "1"]
[White "Dictator"]
[Black "vangogh"]
[Result "1-0"]
[WhiteElo "1571"]
[BlackElo "1589"]

1. c4 e5 2. Nc3 Nf6 3. e4 h6 4. d3 Bb4 5. Bd2 a5 6. Nf3 d6 7. Be2 O-O 8. O-O Nc6
9. a3 Bxc3 10. Bxc3 Bg4 11. h3 Bxf3 12. Bxf3 Nb8 13. Qb3 b6 14. d4 Na6 15. dxe5
dxe5 16. Bxe5 Ne8 17. Qc3 Qg5 18. h4 Qg6 19. h5 Qg5 20. g3 f6 21. Bf4 Qc5 22. b4
axb4 23. axb4 Qe7 24. b5 Qb4 25. Qxb4 Nxb4 26. Rxa8 g5 27. hxg6 f5 28. Bxh6 Kh8
29. Bxf8 1-0

[Event "AUTO-INT-3294"]
[Site "http://www.queenalice.com/game.php?id=1502413"]
[Date "2017.11.6"]
[Round "1"]
[White "Dictator"]
[Black "papyrusmoon"]
[Result "1-0"]
[WhiteElo "1561"]
[BlackElo "1346"]

1. Nf3 d5 2. d4 Nc6 3. g3 e5 4. dxe5 Bb4+ 5. Bd2 Bg4 6. Bg2 Qd7 7. Bxb4 Nxb4 8.
c3 Nc2+ 9. Qxc2 Bf5 10. Qb3 b6 11. O-O Ne7 12. Nh4 O-O 13. Nxf5 Qxf5 14. Bxd5
Nxd5 15. Qxd5 Qc2 16. Qd2 Qe4 17. f4 Rad8 18. Qe1 Qc2 19. b3 Rd1 20. Qxd1 Qe4
21. Nd2 Qe3+ 22. Kg2 Qxc3 23. Rc1 Qb2 24. Rc2 Qd4 25. Nf3 Qe4 26. Qd3 Qb4 27.
Rc4 Qa3 28. Qc2 b5 29. Rxc7 a6 30. Ng5 h6 31. Nf3 Qb4 32. Rc1 g5 33. f5 f6 34.
e6 Re8 35. Qc6 Kf8 36. e7+ Rxe7 37. Rxe7 Kxe7 38. Qe6+ Kf8 39. Rc8+ Kg7 40. Qg8#
1-0

[Event "AUTO-INT-3294"]
[Site "http://www.queenalice.com/game.php?id=1502414"]
[Date "2017.11.6"]
[Round "1"]
[White "papyrusmoon"]
[Black "Dictator"]
[Result "0-1"]
[WhiteElo "1316"]
[BlackElo "1592"]

1. e4 d5 2. Nc3 d4 3. Nb5 e5 4. Nf3 Bg4 5. h3 Bh5 6. g4 Bg6 7. Nxe5 Bxe4 8. f3
Bd5 9. d3 Qe7 10. Bf4 f6 11. Be2 fxe5 12. Bxe5 Qxe5 13. Qd2 Bxf3 14. O-O-O Bxe2
15. Rde1 Qxb5 16. Qxe2+ Be7 17. c4 dxc3 18. bxc3 Nc6 19. c4 Qa5 20. d4 Qc3+ 21.
Kd1 Nxd4 22. Qe4 Qa1+ 23. Kd2 Qxa2+ 24. Ke3 Qxc4 25. Kf4 Ne6+ 26. Ke5 Bf6+ 27.
Kf5 g6# 0-1

[Event "AUTO-INT-3294"]
[Site "http://www.queenalice.com/game.php?id=1502415"]
[Date "2017.11.6"]
[Round "1"]
[White "Dictator"]
[Black "Sirius"]
[Result "0-1"]
[WhiteElo "1616"]
[BlackElo "1681"]

1. c4 e6 2. Nc3 c6 3. e4 Bc5 4. d3 Qf6 5. Qf3 Qxf3 6. Nxf3 Nf6 7. h3 a6 8. Be2
b5 9. cxb5 axb5 10. O-O b4 11. Nd1 Na6 12. Bg5 Nh5 13. g4 Nf6 14. Bxf6 gxf6 15.
d4 Bd6 16. Bxa6 Bxa6 17. Re1 Ke7 18. e5 fxe5 19. dxe5 Bc7 20. Ne3 h5 21. b3 hxg4
22. hxg4 Rag8 23. a3 bxa3 24. Rxa3 Bb5 25. Kg2 f6 26. Ra7 Bb6 27. exf6+ Kxf6 28.
Rxd7 Bxe3 29. fxe3 Rxg4+ 30. Kf2 c5 31. Rg1 Rxg1 32. Kxg1 Bxd7 33. Kg2 e5 34. e4
Bc6 35. Nd2 Kg5 36. Nf3+ Kf4 0-1

[Event "AUTO-INT-3294"]
[Site "http://www.queenalice.com/game.php?id=1502416"]
[Date "2017.11.6"]
[Round "1"]
[White "Sirius"]
[Black "Dictator"]
[Result "1-0"]
[WhiteElo "1666"]
[BlackElo "1631"]

1. d4 d5 2. Nc3 Nf6 3. h4 Nc6 4. Bf4 e6 5. Nh3 Bb4 6. Qd2 O-O 7. a3 Bxc3 8. Qxc3
Ne4 9. Qd3 Qf6 10. f3 Ng3 11. Bxg3 Bd7 12. Ng5 g6 13. Bxc7 Nxd4 14. c3 Nb3 15.
Rd1 Nc5 16. Qe3 b6 17. Bd6 Rfc8 18. Be5 Qe7 19. Qd4 Ba4 20. Bh8 Qf8 21. Rd2 Nb3
22. Qxa4 Nxd2 23. Qd4 Nb3 24. Qe5 Rc5 25. e3 d4 26. Qf6 Rf5 27. Qg7+ Qxg7 28.
Bxg7 Kxg7 29. exd4 Na5 30. Bd3 Rd5 31. Be4 h6 32. Bxd5 hxg5 33. Bxa8 1-0

[Event "AUTO-INT-3295"]
[Site "http://www.queenalice.com/game.php?id=1502798"]
[Date "2017.11.9"]
[Round "1"]
[White "Dictator"]
[Black "Jomaley"]
[Result "0-1"]
[WhiteElo "1503"]
[BlackElo "1569"]

1. c4 c5 2. Nc3 e6 3. e4 a6 4. Nf3 f6 5. d3 Qa5 6. Bd2 Qb6 7. Rb1 g5 8. h3 Nh6
9. Be2 e5 10. O-O d6 11. Nd5 Qd8 12. b4 cxb4 13. Bxb4 a5 14. Ba3 Be7 15. Nd2 O-O
16. Nb6 Ra6 17. Nxc8 Qxc8 18. Nf3 g4 0-1

[Event "AUTO-INT-3295"]
[Site "http://www.queenalice.com/game.php?id=1502799"]
[Date "2017.11.9"]
[Round "1"]
[White "Jomaley"]
[Black "Dictator"]
[Result "1-0"]
[WhiteElo "1582"]
[BlackElo "1490"]

1. e4 d5 2. Qf3 dxe4 3. Qxe4 Nf6 4. Qf3 Nc6 5. c3 e6 6. Bb5 Bd7 7. Bxc6 Bxc6 8.
Qg3 Ne4 9. Qe3 Bc5 10. Qf3 Bxf2+ 11. Kd1 Qf6 12. Qxf6 Nxf6 13. Nf3 Bxf3+ 14.
gxf3 O-O 15. h4 Rad8 16. d4 c5 17. Nd2 cxd4 18. c4 Nh5 19. Ne4 1-0

[Event "AUTO-INT-3295"]
[Site "http://www.queenalice.com/game.php?id=1502800"]
[Date "2017.11.9"]
[Round "1"]
[White "Dictator"]
[Black "JoseMessias"]
[Result "0-1"]
[WhiteElo "1590"]
[BlackElo "1680"]

1. Nf3 Nf6 2. d4 Nc6 3. g3 d5 4. Bg2 Bg4 5. O-O Ne4 6. e3 e6 7. Nbd2 Bb4 8. c3
Bd6 9. h3 Bxf3 10. Nxf3 b5 11. Nd2 Nxd2 12. Qxd2 Na5 13. b3 c5 14. b4 c4 15.
bxa5 Qxa5 16. Bb2 Rb8 17. Qc2 b4 18. cxb4 Qxb4 19. Bc3 Qa3 20. e4 O-O 21. exd5
exd5 22. Bxd5 Qa4 23. Qxa4 Rbd8 24. Bxc4 Rc8 25. Qb3 Rc6 26. Bb5 Rb6 27. a4 Rfb8
0-1

[Event "AUTO-INT-3295"]
[Site "http://www.queenalice.com/game.php?id=1502801"]
[Date "2017.11.9"]
[Round "1"]
[White "JoseMessias"]
[Black "Dictator"]
[Result "1-0"]
[WhiteElo "1667"]
[BlackElo "1603"]

1. e4 d5 2. e5 Bf5 3. c3 e6 4. d4 c5 5. Bb5+ Nd7 6. Nf3 cxd4 7. Nxd4 Bxb1 8.
Rxb1 Bc5 9. b4 Bxd4 10. Qxd4 Ne7 11. Bg5 a6 12. Ba4 b5 13. Bd1 O-O 14. Bxe7 Qxe7
15. O-O Qg5 16. f4 Qf5 17. Bf3 Rfc8 18. g4 Qc2 19. f5 Rc4 20. Qd1 Qxc3 21. fxe6
fxe6 22. Rc1 Qxe5 23. Re1 Qd4+ 24. Qxd4 Rxd4 25. Rxe6 Rf8 26. g5 Rxf3 27. Rd6
Rg4+ 28. Kh1 1-0

[Event "AUTO-INT-3295"]
[Site "http://www.queenalice.com/game.php?id=1502802"]
[Date "2017.11.9"]
[Round "1"]
[White "Dictator"]
[Black "tche_elvio"]
[Result "1-0"]
[WhiteElo "1598"]
[BlackElo "1576"]

1. f4 e6 2. Nf3 d5 3. e3 c5 4. c3 Nc6 5. Bb5 Bd7 6. O-O a6 7. Bxc6 Bxc6 8. d4
Qc7 9. Nbd2 h6 10. Qc2 cxd4 11. exd4 Qxf4 12. a4 Nf6 13. h3 Qd6 14. b4 Be7 15.
Ba3 O-O 16. b5 axb5 17. Bxd6 Bxd6 18. axb5 Bxb5 19. Rxa8 Rxa8 20. Rb1 Bc4 21.
Nxc4 Ne4 22. Nxd6 Nxd6 23. Ne5 Ne4 24. Rxb7 Nd6 25. Rd7 1-0

[Event "AUTO-INT-3295"]
[Site "http://www.queenalice.com/game.php?id=1502803"]
[Date "2017.11.9"]
[Round "1"]
[White "tche_elvio"]
[Black "Dictator"]
[Result "1-0"]
[WhiteElo "1544"]
[BlackElo "1578"]

1. d4 d5 2. c4 Nf6 3. Nc3 e6 4. a3 Bd6 5. g3 O-O 6. Bg2 Nc6 7. Nf3 a6 8. c5 Be7
9. b4 Re8 10. O-O Bd7 11. e3 Ne4 12. Nxe4 dxe4 13. Ne5 f6 14. Nxd7 Qxd7 15. Bxe4
f5 16. Bxc6 Qxc6 17. Bb2 Qd7 18. f4 Qc6 19. Qf3 Qxf3 20. Rxf3 Bf6 21. a4 c6 22.
a5 Red8 23. Rb1 Rd5 24. Kg2 Kf7 25. h4 g6 26. Bc3 Rad8 27. Kh3 Kg7 28. g4 h6 29.
g5 hxg5 30. hxg5 Be7 31. Kg3 Rh8 32. Rb2 Rd7 33. Rh2 Rxh2 34. Kxh2 1-0